Statistics for Top 10 Countries that Produce the Most Apples

Click here to take the quiz!

General Stats

  • This quiz has been taken 3,227 times
  • The average score is 6 of 10

Answer Stats

# TonnesCountry% Correct
4 milUnited States
96%
39 milChina
90%
1.73 milFrance
80%
1.5 milRussia
79%
1.9 milIndia
73%
2.2 milItaly
69%
3.0 milPoland
46%
3.1 milTurkey
46%
1.6 milIran
32%
1.70 milChile
28%

Score Distribution

Percentile by Number Answered

Percent of People with Each Score

Your Score History

You have not taken this quiz